Agrese, identita, osobnost /

Další autoři: Hřebíčková, Martina, 1963-, Macek, Petr, 1956-, Čermák, Ivo, 1956-
Jazyk: Slovenština
Čeština
Vydáno: Brno : Tišnov : Psychologický ústav Akademie věd ČR ;Sdružení SCAN, 2003
Vydání: Vyd. 1.
Témata:
Fyzický popis: 315 s. : il. ; 23 cm
Knihy
Uloženo v:
LEADER 01655nam a2200445 a 4500
001 000701976
003 CZ BrMZK
005 20090521132805.0
007 ta
008 040107s2003 xr a e 000 0 cze d
015 |a cnb001293086 
020 |a 80-86620-06-9  |q (brož.) 
035 |a (OCoLC)56856854 
040 |a BOA001  |b cze 
041 0 |a cze  |a slo  |b eng 
072 7 |a 159.92  |x Vývojová psychologie. Individuální psychologie  |2 Konspekt  |9 17 
080 |a 159.923.2  |2 MRF 
080 |a 159.923  |2 MRF 
080 |a 616.89-008.444.9  |2 MRF 
080 |a (048.8)  |2 MRF 
080 |a (082)  |2 MRF 
245 0 0 |a Agrese, identita, osobnost /  |c Ivo Čermák, Martina Hřebíčková, Patr Macek (eds.) 
250 |a Vyd. 1. 
260 |a Brno :  |b Psychologický ústav Akademie věd ČR ;  |a Tišnov :  |b Sdružení SCAN,  |c 2003 
300 |a 315 s. :  |b il. ;  |c 23 cm 
500 |a Anglická resumé 
500 |a Český a slovenský text 
504 |a Obsahuje bibliografie a rejstřík 
650 0 7 |a identita  |7 ph121025  |2 czenas 
650 0 7 |a psychologie osobnosti  |7 ph115951  |2 czenas 
650 0 7 |a agresivita  |7 ph114007  |2 czenas 
655 7 |a studie  |7 fd133597  |2 czenas 
655 7 |a sborníky  |7 fd163935  |2 czenas 
700 1 |a Hřebíčková, Martina,  |d 1963-  |7 js20020610011  |4 edt 
700 1 |a Macek, Petr,  |d 1956-  |7 jn20000401684  |4 edt 
700 1 |a Čermák, Ivo,  |d 1956-  |7 jn99240001694  |4 edt 
910 |a BOA001  |b 2-1127.672 
990 |a BK 
996 6 |b 2610210059  |c 2-1127.672  |l MZK  |r Sklad / do 1 hodiny  |n 24  |p p.v.  |w 000701976  |u 000010  |a 1  |e BOA001  |j MZK50  |s P 
996 7 |b 2610230056  |c 2-1127.672  |l MZK  |r Sklad / do 1 hodiny  |n 90  |p kup  |w 000701976  |u 000020  |a 1  |e BOA001  |j MZK50  |s A